Capitales des pays qui commencent par I - Statistiques

Statistiques générales
  • Ce quiz a été pris 152 fois
  • Le résultat moyen est 8 sur 8
Statistiques - réponses
Pays Capitales % Correct
Inde New Delhi
99%
Irlande Dublin
98%
Italie Rome
98%
Israel Jerusalem
96%
Indonesie Jakarta
95%
Iran Téhéran
93%
Irak Bagdad
92%
Islande Reykjavik
92%
Aucun quiz correspondant
Distribution des résultats
% des personnes avec chaque résultat
Percentile par nombre de réponses
Votre historique - résultats
Vous n’avez pas pris ce quiz